লোডিং...

The Sale of flats

গ্রন্থ-পঞ্জীর বিবরন
প্রধান লেখক: George, Edward F.
ভাষা:English
প্রকাশিত: London
সংস্করন:2nd ed.
LEADER 00304nam a22001337a 4500
003 OSt
008 100129t xxu||||| |||| 00| 0 eng d
080 |a 347.451  |b GEO'59 
100 |a George, Edward F.  |9 10165 
245 |a The Sale of flats 
250 |a 2nd ed. 
260 |a London 
942 |c BACT  |6 _ 
999 |c 125520  |d 125520